Fińscy skoczkowie z podium w pś - Statystyki

Ogólne statystyki
  • Ten quiz został rozwiązany 53 razy
  • Średni wynik to 12 z 33
Statystyki odpowiedzi
Skoczek Podia % Poprawnych
Janne Ahonen 108
100%
Veli-Matti Ahonen 2
95%
Matti Nykanen 76
83%
Jussi Hautamaki 1
74%
Matti Hautamaki 38
74%
Janne Happonen 7
67%
Harri Olli 7
62%
Risto Jussilainen 16
60%
Ville Larinto 5
60%
Anssi Koivuranta 1
48%
Anssi Nieminen 2
45%
Toni Nieminen 12
45%
Veli-Matti Lindstrom 5
45%
Ari-Pekka Nikkola 42
40%
Arttu Lappi 1
38%
Tami KIuru 3
38%
Jani Soininen 18
36%
Ville Kantee 6
21%
Jari Puikkonen 19
17%
Mika Laitinen 11
17%
Pentti Kokkonen 7
12%
Heikki Ylipulli 1
10%
Janne Vaatainen 1
10%
Pasi Kytosaho 1
10%
Raimo Ylipulli 1
10%
Risto Laakkonen 8
10%
Tuomo Ylipulli 4
10%
Jouko Tormanen 3
7%
Vesa Hakala 1
7%
Jukka Kalso 2
5%
KImmo Savolainen 2
5%
Pekka Suorsa 5
5%
Markku Pusenius 2
2%
Nie znaleziono quizów pasujących do podanych kryteriów
Rozkład punktacji
Procent ludzi z każdym wynikiem
Percentyl według liczby udzielonych odpowiedzi
Twoja historia wyników
Nie rozwiązałeś tego quizu